| 000 | 00000nam##2200000za#4500 |
| 001 | 9.575264 |
| 003 | CaOODSP |
| 005 | 20220901140009 |
| 007 | cr ||||||||||| |
| 008 | 150406|1997||||xxc|||||o f|0| 0 eng|d |
| 040 | |aCaOODSP|beng |
| 043 | |an-cn--- |
| 086 | 1 |aJ3-7/1997-8E-PDF |
| 110 | 1 |aCanada.|bJustice Canada. |
| 245 | 12|aA multidimensional model for service in delivery in Canadian criminal legal aid / |h[electronic resource]|c[by] Albert V. Currie. |
| 260 | |aOttawa - Ontario : |bJustice Canada |c1997. |
| 300 | |a15p.|breferences |
| 490 | 1 |aTechnical report|vTR1997-8e-1 |
| 500 | |aUnedited. |
| 590 | |a12-40-Supp|b2012-10-23 |
| 720 | 1 |aCurrie, A. |
| 775 | 08|tUn modèle multidimensionnel pour la prestation de services d'aide juridique en matière pénale au Canada / |w(CaOODSP)9.604801 |
| 830 | #0|aTechnical report ;|vTR1997-8e-1|w(CaOODSP)9.505667 |
| 856 | 40|ahttp://publications.gc.ca|qPDF|s71 KB|uhttps://publications.gc.ca/collections/collection_2012/jus/J3-7-1997-8-eng.pdf|yTR1997-8e-1 |